|
|
|
|
| LEADER |
01257nam a2200301 a 4500 |
| 001 |
00016952 |
| 003 |
BD-DhAAL |
| 008 |
090512s2002 ii a b 000 0 eng d |
| 020 |
|
|
|a 8123908490
|
| 040 |
|
|
|a BD-DhAAL
|c BD-DhAAL
|
| 082 |
0 |
4 |
|a 662.669
|
| 100 |
1 |
|
|a Tripathi, G.
|9 57835
|
| 245 |
1 |
0 |
|a Bioresource technology /
|c G. Tripathi.
|
| 260 |
|
|
|a New Delhi :
|b CBS Publishers & Distributors,
|c c2002.
|
| 300 |
|
|
|a x, 378 p. :
|b ill. ;
|c 27 cm
|
| 504 |
|
|
|a Includes bibliographical references.
|
| 526 |
|
|
|a MNS
|x Professor Naiyyum Choudhury
Department of Mathematics and Natural Sciences
BRAC University
|
| 541 |
1 |
|
|e 00016952
|a Essence Science Publications
|
| 650 |
|
0 |
|a Biomass energy.
|9 57836
|
| 650 |
|
0 |
|a Biotransformation (Metabolism).
|9 57837
|
| 650 |
|
0 |
|a Agricultural wastes.
|9 57838
|
| 650 |
|
0 |
|a Factory and trade waste.
|9 9319
|
| 650 |
|
0 |
|a Organic wastes.
|9 57839
|
| 650 |
|
0 |
|a Waste products as fuel.
|9 57840
|
| 852 |
4 |
|
|a Ayesha Abed Library
|c General Stacks
|
| 942 |
|
|
|2 ddc
|c BK
|
| 999 |
|
|
|c 613
|d 613
|
| 952 |
|
|
|0 0
|1 0
|2 ddc
|4 0
|6 662_669000000000000_TRI
|7 0
|9 563
|a BRACUL
|b BRACUL
|c GEN
|d 2009-05-12
|e Essence Science Publications
|g 1888.00
|l 2
|m 23
|o 662.669 TRI
|p 3010016952
|r 2017-08-22
|s 2017-03-12
|t 1
|w 2009-05-12
|y BK
|x Requisitioned by Professor Naiyyum Choudhury.
|